|
|
|
|
| LEADER |
00912nab a2200217 i 4500 |
| 001 |
publ15187 |
| 005 |
20190423095914.0 |
| 008 |
190423s2016 hu o 0|| magyar d |
| 022 |
|
|
|a 0030-6002
|
| 024 |
7 |
|
|a 10.1556/650.2016.30472
|2 doi
|
| 024 |
7 |
|
|a 3056007
|2 mtmt
|
| 040 |
|
|
|a SZTE Publicatio Repozitórium
|b hun
|
| 041 |
|
|
|a magyar
|
| 100 |
1 |
|
|a Hegedűs Béla
|
| 245 |
1 |
3 |
|a Az interdiszciplináris rehabilitáció hatása spondylitis ankylopoeticában szenvedő betegeknél [Interdisciplinary rehabilitation in patients with ankylosing spondylitis]
|h [elektronikus dokumentum] /
|c Hegedűs Béla
|
| 260 |
|
|
|c 2016
|
| 300 |
|
|
|a 1126-1132
|
| 490 |
0 |
|
|a ORVOSI HETILAP
|v 157 No. 28
|
| 700 |
0 |
1 |
|a Varga János Tamás
|e aut
|
| 700 |
0 |
1 |
|a Somfay Attila
|e aut
|
| 856 |
4 |
0 |
|u http://publicatio.bibl.u-szeged.hu/15187/1/Azinterdiszciplinarisrehabilitaciohatasaspondylitisankylopoeticabanszenvedobetegekben.pdf
|z Dokumentum-elérés
|